Normal view
MARC view
- ELECTRIC ENGINEERING ELECTRIC CIRCUITS - ALTERNATING CURRENT
Entry Topical Term
001 - CONTROL NUMBER
- control field: 62342
003 - CONTROL NUMBER IDENTIFIER
- control field: NUST
005 - DATE AND TIME OF LATEST TRANSACTION
- control field: 20210628202927.0
008 - FIXED-LENGTH DATA ELEMENTS
- fixed length control field: 210628|| aca||aabn | a|a d
040 ## - CATALOGING SOURCE
- Original cataloging agency: NUST
- Transcribing agency: NUST
150 ## - HEADING--TOPICAL TERM
- Topical term or geographic name entry element: ELECTRIC ENGINEERING ELECTRIC CIRCUITS - ALTERNATING CURRENT
670 ## - SOURCE DATA FOUND
- Source citation: Work cat.: (NUST): KUBALA, THOMAS S 62341, ELECTRICITY - 2 ,DEVICES CIRCUITS AND MATERIALS, 1986
